KOHA-Header-6

Theories of Human Learning (Record no. 8167)

000 -LEADER
fixed length control field 00261nam a2200109Ia 4500
100 ## - MAIN ENTRY--AUTHOR NAME
Personal name Lefrancois ,Guy
245 #0 - TITLE STATEMENT
Title Theories of Human Learning
260 ## - PUBLICATION, DISTRIBUTION, ETC. (IMPRINT)
Place of publication USA
Name of publisher McGraw Hill
Year of publication 1999
300 ## - PHYSICAL DESCRIPTION
Number of Pages 538
942 ## - ADDED ENTRY ELEMENTS (KOHA)
Koha item type Books
Holdings
Withdrawn status Lost status Collection code Permanent Location Current Location Shelving location Date acquired Full call number Accession Number Koha item type
    Psychology MAJU MAJU Shelf No.A35 2019-09-13 954.035 2699 Psychology

Powered by Koha